000 00277nam a22001097a 4500
008 160624b xxu||||| |||| 00| 0 eng d
100 _9959
_aSumer Book Depot
245 _aPhysics Part -II Class VII
260 _aN.D
_bSBD
300 _aPhysics Part -II Class VII
942 _2ddc
_cBK
999 _c763
_d763